Using Oracle lli / (Record no. 713)

MARC details
000 -LEADER
fixed length control field 00897nac a22002531u 4500
008 - FIXED-LENGTH DATA ELEMENTS--GENERAL INFORMATION
fixed length control field 100915s2002 ii i |r|||| 001 0 eng d
010 ## - LIBRARY OF CONGRESS CONTROL NUMBER
LC control number 2001094301
020 ## - INTERNATIONAL STANDARD BOOK NUMBER
International Standard Book Number 078972670X
020 ## - INTERNATIONAL STANDARD BOOK NUMBER
International Standard Book Number 8176357278
020 ## - INTERNATIONAL STANDARD BOOK NUMBER
International Standard Book Number 9788176357272
082 00 - DEWEY DECIMAL CLASSIFICATION NUMBER
Classification number 005.74
Item number USI
Edition number 22
245 00 - TITLE STATEMENT
Title Using Oracle lli /
Statement of responsibility, etc By BOSS Corporation, Jim Crum ; with Satyakanth Abbaraju ... [et al.] ; special contributions by Project Partners, LLC with Randy Egger [et al...]
246 30 - VARYING FORM OF TITLE
Title proper/short title Special edition using Oracle lli
250 ## - EDITION STATEMENT
Edition statement Special ed.
260 ## - PUBLICATION, DISTRIBUTION, ETC. (IMPRINT)
Place of publication, distribution, etc New Delhi :
Name of publisher, distributor, etc Que,
Date of publication, distribution, etc c2002.
300 ## - PHYSICAL DESCRIPTION
Extent xxi, 1161 p. :
Other physical details ill. ;
Dimensions 24 cm.
500 ## - GENERAL NOTE
General note Includes index.
650 #0 - SUBJECT ADDED ENTRY--TOPICAL TERM
Topical term or geographic name as entry element Oracle (Computer file)
9 (RLIN) 19157
650 #0 - SUBJECT ADDED ENTRY--TOPICAL TERM
Topical term or geographic name as entry element Relational databases.
9 (RLIN) 18338
650 #0 - SUBJECT ADDED ENTRY--TOPICAL TERM
Topical term or geographic name as entry element Database management
General subdivision Computer programs
9 (RLIN) 19158
700 1# - ADDED ENTRY--PERSONAL NAME
Personal name Crum, Jim.
9 (RLIN) 19160
710 2# - ADDED ENTRY--CORPORATE NAME
Corporate name or jurisdiction name as entry element BOSS Corporation.
9 (RLIN) 19161
942 ## - ADDED ENTRY ELEMENTS (KOHA)
Item type Book - Borrowing
Call number prefix 005.74 USI
Source of classification or shelving scheme Dewey Decimal Classification
Holdings
Withdrawn status Item status Source of classification or shelving scheme Damaged status Not for loan Vendor Home library Current library Shelving location Date acquired Source of acquisition Cost, normal purchase price Total Checkouts Full call number Barcode Date last seen Cost, replacement price Koha item type
    Dewey Decimal Classification       Central Library Central Library Lower Floor 15/09/2010   129.00   005.74 USI 000003887 15/07/2025 161.25 Book - Borrowing